| 000 | 00814cam a22002774a 4500 | ||
|---|---|---|---|
| 008 | |||
| 020 | _a0340885068 (pbk.) | ||
| 049 | _aMAIN | ||
| 050 | 0 | 0 |
_aQP187 _bJEW |
| 100 | 1 | _aJewels,Caroine | |
| 245 | 1 | 4 |
_aEndocrine and reproductive systems / _cby Caroline Jewels and Alexander Tillett |
| 260 |
_aLondon : _bEdward Arnold (Publishers)Ltd, _cc2005. |
||
| 300 |
_a120 p. : _bill. (some col.) ; _c25 cm. |
||
| 440 | 4 | _aOne Stop DOC | |
| 500 | _aIncludes idex. | ||
| 650 | 1 | _aEndocrine glands. | |
| 650 | 1 | _aHormones. | |
| 650 | 1 | _aReproductive system, Female. | |
| 650 | 1 | _aReproductive system, Male. | |
| 700 | _aTillet, Alexander | ||
| 907 |
_a.b10285805 _b03-09-12 _c01-11-10 |
||
| 003 | |||
| 005 | 20230120204031.0 | ||
| 040 | _cNUST | ||
| 942 | _cBOOKS | ||
| 999 |
_c115940 _d115940 |
||